000
00294nam a22001337a 4500
008
170222b xxu||||| |||| 00| 0 eng d
020
_a
9781111542993
041
_a
eng
080
_2
4 ED
_a
6161 31
100
_a
5
101
_a
SHS
245
_a
DENTAL ASSISTING
_c
PHINNEY.D.J
942
_2
udc
_c
BK
999
_c
6084
_d
6084